Las indemnizaciones por ruptura del contrato de trabajo en el impuesto a las ganancias (Registro nro. 15788)

Detalles MARC
000 -LEADER
fixed length control field 00364 a2200109 4500
001 - CONTROL NUMBER
control field ART_33829
005 - DATE AND TIME OF LATEST TRANSACTION
control field 20260410161708.0
008 - FIXED-LENGTH DATA ELEMENTS--GENERAL INFORMATION
fixed length control field 260409a
100 1# - MAIN ENTRY--PERSONAL NAME
Personal name Schwartzman, Daniel M.
245 10 - TITLE STATEMENT
Title Las indemnizaciones por ruptura del contrato de trabajo en el impuesto a las ganancias
773 0# - HOST ITEM ENTRY
Title Revista Impuestos
Related parts - Nº 7 (abr. 2006)
Record control number REV639

No hay ítems disponibles.